Sudden death NHL teams - Statistics

General Stats
  • This quiz has been taken 65 times
  • The average score is 13 of 15
Answers on the Grid
Answers color-coded by a green-red scale on the quiz's grid according to % correct below.
Montreal Maple Leafs
Toronto Maple Leafs
New York Rockets
Edmonton Oilers
Vegas Golden Knights
Ottawa Presidents
Columbus Blue Jackets
New Jersey Devils
Washington Grizzlies
Boston Bruins
Seattle Kraken
Calgary Fire
Winnipeg Giants
Los Angeles Kings
Dallas Suns
Carolina Hurricanes
Tampa Bay Thunder
Tampa Bay Lightnings
Nashville Predators
Buffalo Knights
Utah Jazz
New York Yankees
Chicago Blackhawks
Minnesota Pacers
Detroit Red Wings
Saint-Louis Blues
Buffalo Bills
Vancouver Canucks
Miami Heat
Miami Panthers
 
Answer Stats
Answer % Correct
Toronto Maple Leafs
96%
Edmonton Oilers
94%
Boston Bruins
92%
New Jersey Devils
92%
Vegas Golden Knights
92%
Seattle Kraken
90%
Columbus Blue Jackets
86%
Los Angeles Kings
86%
Nashville Predators
86%
Carolina Hurricanes
84%
Chicago Blackhawks
84%
Detroit Red Wings
84%
Vancouver Canucks
84%
Tampa Bay Lightnings
78%
Saint-Louis Blues
67%
No matching quizzes found
Score Distribution
Percent of People with Each Score
Percentile by Number Answered
Your Score History
You have not taken this quiz